| 000 | 01347nam a2200229Ia 4500 | ||
|---|---|---|---|
| 999 |
_c55263 _d55263 |
||
| 001 | 22339 | ||
| 003 | GE_BSU | ||
| 005 | 20230310152644.0 | ||
| 008 | 181216s2014||||ge |||||||||||||| ||geo|| | ||
| 020 | _a978-9941-427-81-7 | ||
| 040 | _cGE_BSU | ||
| 041 | _ageo | ||
| 080 | _a821.222.1-1 ო-46 | ||
| 100 |
_aომარ ხაიამი _917167 |
||
| 245 |
_a404 რობაი 4 ენაზე სპარსულად, ქართულად, რუსულად, ინგლისურად : _bმოცემული რობაიებისთვის შედგენილი სპარსულ-ქართული ლექსიკონი / _cომარ ხაიამი ; წიგნი მოამზადა, რობაიები თარგმნა და ლექსიკონი შეადგინა ალექსანდრე ელერდაშვილმა. |
||
| 264 |
_aთბილისი : _bსაარი, _c2014. |
||
| 300 |
_a136 გვ. : _bილ. ; _c27 სმ. |
||
| 490 |
_aმთარგმნელის ბიბლიოთეკა _vN 3 |
||
| 541 | _h9 ლ. | ||
| 653 | _a404 რობაი 4 ენაზე : სპარსულად, ქართულად, რუსულად, ინგლისურად | ||
| 942 |
_cBK _2udc |
||